00573nam a22001937a 450000500170000001000130001702000250003003500130005503700160006804000120008408200130009624500890010926000280019827000570022630000320028365000190031565000290033470000160036320170124110115.0 aB-168320 c00.00a9788189013318 aB-168320 bCen Lib/Ret aDPLbEN a921bAWO aA women of substance :cedted by Lubna Kazimbthe memories of begum Khurshid Mirza / aNew DelhibZubaanc2005 aK-92, 1st floor Hauz Khas EnclevebNew Delhie110016 axxv,245p. :c22cm(Hb)bill. aWomen--Finance aWomen--Finance, Personal aLubna Kazim